Zodiac Symbols - Sudden Death! - Statistics

General Stats
  • This quiz has been taken 327 times
  • The average score is 9 of 12
Answers on the Grid
Answers color-coded by a green-red scale on the quiz's grid according to % correct below.
Aries
Aries
Aries
Aries
Aries
Aries
Peacee
Egg
Virgo
Virgo
Virgo
Pisces
Sagittarius
Virgo
Virgo
Virgo
Virgo
Virgo
Virgo
Virgo
 
Answer Stats
Answer % Correct
Aries
88%
Aries
85%
Aries
83%
Aries
82%
Aries
80%
Pisces
79%
Virgo
78%
Virgo
77%
Virgo
73%
Virgo
72%
Sagittarius
65%
Egg
63%
No matching quizzes found
Score Distribution
Percent of People with Each Score
Percentile by Number Answered
Your Score History
You have not taken this quiz